000 01065nam a22002417a 4500
003 OSt
005 20260227104809.0
008 231002b ||||| |||| 00| 0 eng d
040 _c0
082 _aDPer 658.3005 H880 February-November 2020 v. 23 n. 1-5
100 _aAnderson, Valerie.
_eauthor.
_949392
245 _aAn evaluation of social learning and learner outcomes in a massive open online course (MOOC) :
_ba healthcare sector case study /
_cValerie Anderson, Jonny Gifford, and Janet Wildman.
260 _aUnited Kingdom ;
_bTaylor & Francis Group ,
_cJune 2020.
300 _aVolume 23, pages 208-237 :
_billustration ;
_c25 cm.
500 _aHuman Resource Development International Enhancing, performance, learning and integrity, vol. 23, no. 3, pages 208-237, June 2020.
650 _aWork environment.
_949393
650 _aTechnology.
_949394
650 _aMedical care.
_949395
700 _aAnderson, Valerie.
_eauthor.
_949392
700 _aGifford, Jonny.
_eauthor.
_949396
700 _aWildman, Janet.
_eauthor.
_949397
942 _2ddc
_cPER
999 _c18283
_d18283